000 01652pam a2200349 a 4500
999 _c329906
_d329906
001 13807696
003 NUST
005 20180117090026.0
008 041206r20041979ilu b 001 0 eng
010 _a 2004065420
020 _a0810122375 (pbk. : alk. paper)
035 _a(OCoLC)ocm57210955
040 _aDLC
_cDLC
_dYDX
_dDLC
043 _an-us---
050 0 0 _aPN4867
_b.G3 2004
082 0 0 _a071/.3
_222
100 1 _aGans, Herbert J.
_91646
245 1 0 _aDeciding what's news :
_ba study of CBS evening news, NBC nightly news, Newsweek, and Time / Herbert J. Gans.
260 _aEvanston, Ill. :
_bNorthwestern University Press,
_c2004.
300 _axxvii, 393 p. ;
_c21 cm.
440 0 _aVisions of the American press
_91647
500 _aOriginally published: New York : Random House, 1979.
504 _aIncludes bibliographical references (p. 365-375) and index.
650 0 _aJournalism
_zUnited States.
_91595
856 4 2 _3Contributor biographical information
_uhttp://www.loc.gov/catdir/enhancements/fy0619/2004065420-b.html
856 4 2 _3Publisher description
_uhttp://www.loc.gov/catdir/enhancements/fy0619/2004065420-d.html
906 _a7
_bcbc
_corignew
_d1
_eocip
_f20
_gy-gencatlg
942 _2ddc
_cBK